=LDR 00000nam 2200000 4500 =001 INLIS000000000019518 =005 20130612114553 =008 ***********************************Ind** =035 ##$$0010-061300000019518 =041 ##$$a Ind =082 ##$$a 028.5 =090 ##$$a 028.5, Sya a =100 ##$$a Sya'ban, Hilmi Ali =245 ##$$a Aslim bin Tsabit basyir bin saad gholih Bin Abdullah, Hilmi Alaika Salamullah, Umar Mansyur =260 ##$$a 2004 $b Yogyakarta =300 ##$$a viii, 107 hlm, 19 cm =650 ##$$a Bacaan anak-anak =850 ##$$a NBPNMAT